Catálogo
 En Linea

La intervención ilegal en Santo Domingo / (Registro nro. 30974)

Detalles MARC
000 -CABECERA
campo de control de longitud fija 00508nam a2200157 a 4500
001 - NÚMERO DE CONTROL
campo de control 000031482
005 - FECHA Y HORA DE LA ÚLTIMA TRANSACCIÓN
campo de control 20200930062948.0
008 - DATOS DE LONGITUD FIJA--INFORMACIÓN GENERAL
campo de control de longitud fija 110627s1965 dr r 000 0 spa d
040 ## - FUENTE DE LA CATALOGACIÓN
Centro catalogador/agencia de origen DO-SdBNP
Lengua de catalogación spa
Centro/agencia transcriptor BNPHU
082 ## - NÚMERO DE LA CLASIFICACIÓN DECIMAL DEWEY
Número de clasificación xxx
Número de documento/Ítem O23i
100 1# - ENTRADA PRINCIPAL--NOMBRE DE PERSONA
Nombre de persona Odena, Isidro J.
9 (RLIN) 57870
245 13 - MENCIÓN DE TÍTULO
Título La intervención ilegal en Santo Domingo /
Mención de responsabilidad, etc. Isidro J. Odena ; prólogo Arturo Frondizi.
260 ## - PUBLICACIÓN, DISTRIBUCIÓN, ETC.
Lugar de publicación, distribución, etc. Buenos Aires, Argentina :
Nombre del editor, distribuidor, etc. Desarrollo,
Fecha de publicación, distribución, etc. 1965.
300 ## - DESCRIPCIÓN FÍSICA
Extensión 79 p. ;
Dimensiones 9 cm.
700 1# - PUNTO DE ACCESO ADICIONAL--NOMBRE DE PERSONA
Nombre de persona Frondizi, Arturo,
Término indicativo de función/relación pról.
9 (RLIN) 57871
Existencias
Estado de retiro Estado de pérdida Restricciones de uso No para préstamo Código de colección Localización permanente Ubicación/localización actual Ubicación en estantería Fecha de adquisición Número de inventario Total de préstamos Signatura topográfica completa Código de barras Fecha visto por última vez Precio válido a partir de Tipo de ítem Koha Nota pública
      Excluido de préstamo Raros y valiosos Patrimonio Dominicano Patrimonio Dominicano Depósito 27.06.2011 LF1   xxx O23i 31482-10 25.06.2020 25.06.2020 No se presta Perteneció a la colección Germán Emilio Ornes

Con tecnología Koha